Sports Quiz

Random Sports or Cricket Quiz

Pakistan Test Cricket Players 2000s Quiz Stats

 Plays Quiz not verified by Sporcle

Challenge
Share
Tweet
Embed
Score 0/66 Timer 10:00
0 Plays Today
Matches Player % Correct
63Younis Khan
89.6%
71Mohammad Yousuf
89.1%
47Kamran Akmal
88.9%
20Shahid Afridi
88.9%
4Umar Akmal
88.6%
61Inzamam-ul-Haq
86.9%
1Riaz Afridi
85.9%
15Mohammad Asif
81.2%
33Shoaib Akhtar
79.5%
13Wasim Akram
78%
24Umar Gul
77.2%
25Salman Butt
76.2%
2Mohammad Akram
75.5%
7Mohammad Amir
75.2%
28Shoaib Malik
74%
25Saqlain Mushtaq
70.8%
45Abdul Razzaq
70%
56Danish Kaneria
69.3%
9Mushtaq Ahmed
69.1%
18Misbah-ul-Haq
68.3%
5Saeed Ajmal
67.3%
11Saeed Anwar
66.6%
29Waqar Younis
65.6%
15Rashid Latif
64.1%
11Mohammad Hafeez
64.1%
1Naved Latif
64.1%
19Moin Khan
59.9%
25Taufeeq Umar
59.7%
31Imran Farhat
59.2%
1Humayun Farhat
54.5%
33Mohammad Sami
54.2%
3Azhar Mahmood
47.8%
23Yasir Hameed
47.5%
Matches Player % Correct
7Imran Nazir
46.5%
1Sohail Khan
46.5%
2Aamer Sohail
46.3%
2Abdur Rehman
43.6%
7Shahid Nazir
42.8%
9Naved-ul-Hasan
42.3%
25Faisal Iqbal
40.3%
5Mohammad Wasim
37.6%
1Naved Ashraf
34.9%
3Ijaz Ahmed
34.7%
2Sohail Tanvir
33.2%
3Fawad Alam
32.7%
3Yasir Arafat
27.7%
5Hasan Raza
27.5%
2Wajahatullah Wasti
26.7%
12Asim Kamal
21.5%
10Shabbir Ahmed
20%
6Khurram Manzoor
19.3%
9Saleem Elahi
17.3%
6Arshad Khan
15.8%
1Iftikhar Anjum
14.6%
1Yasir Ali
14.6%
1Mohammad Zahid
12.1%
3Abdur Rauf
10.1%
1Qaiser Abbas
10.1%
3Fazl-e-Akbar
8.9%
1Mohammad Talha
8.7%
2Mohammad Khalil
8.4%
1Bazid Khan
7.9%
2Shadab Kabir
7.4%
1Farhan Adil
6.4%
1Atiq-uz-Zaman
4.2%
1Irfan Fazil
3.7%

You're not logged in!

Compare scores with friends on all Sporcle quizzes.
Join for Free
OR
Log In

You Might Also Like...

Show Comments

Extras

Top Quizzes Today


Score Distribution

Your Account Isn't Verified!

In order to create a playlist on Sporcle, you need to verify the email address you used during registration. Go to your Sporcle Settings to finish the process.

Report this User

Report this user for behavior that violates our Community Guidelines.

Details: